MARC

Tag First Indicator Second Indicator Subfields
LEADER 00000cam a2200000Ia 4500
001 in00002296513
005 20190326203358.0
006 m | d |
007 cr |n||||||||n
008 910329s1757 xx s 000 0 fre d
040 |a TXA  |c GKS  |d OCL  |d Thomson Gale  |d UtOrBLW 
043 |a e-fr--- 
100 1 |a Montaudouin de La Touche, J.-G.  |q (Jean-Gabriel),  |d 1722-1780. 
245 1 0 |a Supplément a l'Essai sur la police générale des grains. 
264 1 |a La Haye :  |b [publisher not identified],  |c 1757. 
300 |a 48 pages 
336 |a text  |b txt  |2 rdacontent 
337 |a computer  |b c  |2 rdamedia 
338 |a online resource  |b cr  |2 rdacarrier 
500 |a By Montaudouin de la Touche--Cf. NUC pre-1956. 
500 |a Reproduction of original from Goldsmiths' Library, University of London. 
500 |a Goldsmiths'-Kress number 09226. 
510 4 |a Higgs, H. Bibl. of economics  |c 1475 
510 4 |a OCLC,  |c 23352214 
533 |a Electronic reproduction.  |b Farmington Hills, Mich. :  |c Thomson Gale,  |d 2005.  |f (The making of the modern world).  |n Available via the World Wide Web.  |n Access limited to licensing agreements.  |7 s2005 miunns 
500 |a Electronic resource. 
650 0 |a Grain trade  |z France. 
650 0 |a Grain trade  |x Law and legislation  |z France. 
650 0 |a Corn industry  |x Law and legislation  |z France. 
655 0 |a Electronic books. 
700 1 |a Herbert, Claude-Jacques,  |d 1700-1758.  |t Essai sur la police générale des grains. 
830 0 |a Making of the modern world (Goldsmiths'-Kress Library of Economic Literature) 
856 4 0 |u http://proxy.library.tamu.edu/login?url=http://galenet.galegroup.com/servlet/MOME?af=RN&ae=U101047919&srchtp=a&ste=14&locID=txshracd2898  |z Connect to the full text of this electronic book  |t 0 
999 |a MARS 
999 f f |s 1b2a62da-7902-30f3-9111-9c47d7a3c1bf  |i 73ad853b-a83b-3878-97ba-09673d8dddcd  |t 0 
952 f f |a Texas A&M University  |b College Station  |c Electronic Resources  |d Available Online  |t 0  |h No information provided 
998 f f |t 0  |l Available Online